• 首页
  • 本馆介绍
  • 公告通知
  • 最新文献
  • 馆藏检索
  • 电子资源
  • 读者导购
  • 参考咨询
  • 我的图书馆
  • 登录
  • 详细信息显示
  • 放入我的书架
  • 预约/预借图书
  • 作者相关作品
  • 分类相关作品
  • 丛书相关作品
  • 出版社相关作品

书目信息

  • 表格格式
  • 工作单格式
  • 卡片格式
题名:
广东文史资料
    
 
作者: ;中国人民政治协商会议广东省委员会文史资料研究委员会 编
分册: 第二十二辑  
出版信息: 广州   广东人民出版社  1978
页数: 254页
开本: 20cm
丛书名:
单 册:
中图分类: K296.5
科图分类:
主题词: 文史资料--广东
电子资源:
ISBN:
000 00907nam0 2200229 45
001 0178002304
005 20051222154337.70
010    @dCNY0.80
091    @a11111.39
100    @a19950724d1978 em y0chiy0121 ea
101 0  @achi
102    @aCN@b440000
105    @ay z 000yy
200 10 @a广东文史资料@Aguang dong wen shi zi liao@h第二十二辑@f中国人民政治协商会议广东省委员会文史资料研究委员会编@Fzhong guo ren min zheng zhi xie shang hui yi guang dong sheng wei yuan hui wen shi zi liao yan jiu wei yuan hui bian
210    @a广州@c广东人民出版社@d1978
215    @a254页@d20cm
300    @a内部发行
606    @a文史资料@y广东
690    @aK296.5@v3
711  0 @a中国人民政治协商会议广东省委员会文史资料研究委员会@Azhong guo ren min zheng zhi xie shang hui yi guang dong sheng wei yuan hui wen shi zi liao yan jiu wei yuan hui@4编
801  0 @aCN@bTSSF@c20051222
905    @a10447@dK296.5@e1:22
    
    广东文史资料.第二十二辑/中国人民政治协商会议广东省委员会文史资料研究委员会编.-广州:广东人民出版社,1978
    254页;20cm
    内部发行
    
    ISBN :CNY0.80
    
●
相关链接 在E读中查询图书 在五车中查询图书 在当当中查询图书 在豆瓣中查询图书


正题名:广东文史资料     索取号:K296.5/1:22         预约/预借

序号 登录号 条形码 馆藏地/架位号 状态 备注
1 0024772   202179472   密集书库/ [索取号:K296.5/1:22] 在馆    
唐山师范学院图书馆 欢迎您!
大连网信软件有限公司© 版权所有